| 000 | 00776nam a2200301 a 4500 | ||
|---|---|---|---|
| 001 | UByD002452 | ||
| 003 | AR-LpoUNG | ||
| 005 | 20240228150141.0 | ||
| 008 | 240228s2005||||mx |||||||||||||||||spa d | ||
| 020 | _a8449414083 | ||
| 040 |
_aAR-LpoUNG _bspa _cAR-LpoUNG _eaacr |
||
| 041 |
_aspa _aeng |
||
| 044 | _asp | ||
| 082 | 0 | _aR428 739dic | |
| 245 | 1 | 0 | _aDiccionario inglés-español |
| 250 | _a1ra. ed. | ||
| 260 |
_aBarcelona : _bOcéano, _c1999. |
||
| 300 |
_a467 p. : _bgráfs., fot. |
||
| 650 | 4 | _aDICCIONARIOS | |
| 650 | 4 | _aLENGUA ESPAÑOLA | |
| 650 | 4 | _aLENGUA INGLESA | |
| 650 | 4 | _aMATERIAL DE REFERENCIA | |
| 650 | 4 | _aTERMINOLOGIA | |
| 653 | _aDICCIONARIOS BILINGÜES | ||
| 653 | _aDICCIONARIOS DE INGLES | ||
| 905 | _a55725 | ||
| 942 |
_cLSALA _2ddc |
||
| 999 |
_c64967 _d64967 |
||